Encuesta de Hogares de propósitos múltiples II. octubre 78- abril 79

Gardado en:
Detalles Bibliográficos
Autor Corporativo: El Salvador. Ministerio de Planificación. Dirección General de Estadistica y Censos
Formato: Texto
Publicado: San Salvador: MIPALN. DIGESTYC
Etiquetas: Engadir etiqueta
Sen Etiquetas, Sexa o primeiro en etiquetar este rexistro!

MARC

LEADER 00000 a a2200000 04500
001 23189
003
040
090 |a 160200  
110 |a El Salvador. Ministerio de Planificación. Dirección General de Estadistica y Censos  
245 |a Encuesta de Hogares de propósitos múltiples II. octubre 78- abril 79  
260 |a San Salvador:   |b MIPALN. DIGESTYC  
300 |a 235 p; vol. VI   |b **no definido**  
999 |c 12708  |d 12708